Praxishandbuch Jagd erfolgreich jagen und hegen
Saved in:
| Other Authors: | , |
|---|---|
| Format: | Book |
| Language: | German |
| Published: |
Stuttgart
KOSMOS
2020
|
| Edition: | aktualisiert und bearbeitet von Ekkerhard Ophoven |
| Subjects: | |
| Tags: |
No Tags, Be the first to tag this record!
|
MARC
| LEADER | 00000nam a2200000 4500 | ||
|---|---|---|---|
| 001 | 0267939 | ||
| 005 | 20230120072817.1 | ||
| 020 | |a 978-3-440-16924-7 | ||
| 041 | 0 | |a ger | |
| 044 | |a DE | ||
| 245 | 1 | 0 | |a Praxishandbuch Jagd |b erfolgreich jagen und hegen |c Walter Bachmann, Rolf Roosen (Hrsg.) |
| 250 | |a aktualisiert und bearbeitet von Ekkerhard Ophoven | ||
| 264 | 1 | |a Stuttgart |b KOSMOS |c 2020 | |
| 300 | |a 655 s. | ||
| 610 | 2 | 0 | |a poľovníctvo |
| 610 | 2 | 0 | |a spôsobilosť k práci |
| 610 | 2 | 0 | |a biológia |
| 610 | 2 | 0 | |a zvieratá |
| 610 | 2 | 0 | |a štýl životný |
| 610 | 2 | 0 | |a prostredie životné |
| 610 | 2 | 0 | |a zbrane |
| 610 | 2 | 0 | |a poradenstvo profesionálne |
| 700 | 1 | |a Bachmann, Walter | |
| 700 | 1 | |a Roosen, Rolf | |